[Event "Wuerttemberg-ch MT"]
[Site "Lauffen am Neckar"]
[Date "2011.09.04"]
[Round "9"]
[White "Meschke, Andreas"]
[Black "Wenninger, Ingo"]
[Result "1/2-1/2"]
[WhiteElo "2168"]
[BlackElo "1995"]
[PlyCount "65"]
[EventDate "2011.08.27"]
[EventType "swiss"]
[EventRounds "9"]
[EventCountry "GER"]
[SourceTitle "EXT 2017"]
[Source "ChessBase"]
[SourceDate "2016.10.25"]
[SourceVersion "1"]
[SourceVersionDate "2016.10.25"]
[SourceQuality "1"]

1. e4 c5 2. Nf3 g6 3. d4 cxd4 4. Qxd4 Nf6 5. Bb5 Qa5+ 6. Nc3 Nc6 7. Bxc6 bxc6 8. 0-0 Bg7 9. e5 Nd5 10. Bd2 0-0 11. Qh4 f6 12. Ne4 Qc7 13. c4 Nb6 14. exf6 exf6 15. Bc3 g5 16. Nexg5 fxg5 17. Qxg5 d5 18. Rfe1 h6 19. Qh5 Bxc3 20. bxc3 Qg7 21. Ne5 Qg5 22. Qd1 Bh3 23. g3 Rae8 24. f4 Rxf4 25. Nxc6 Rxe1+ 26. Qxe1 Re4 27. Qf2 Nxc4 28. Rb1 Qe3 29. Rb8+ Kg7 30. Rb7+ Kg8 31. Rb8+ Kg7 32. Rb7+ Kg8 33. Rb8+ 1/2-1/2

[Event "Wuerttemberg-ch MT"]
[Site "Lauffen am Neckar"]
[Date "2011.08.29"]
[Round "3"]
[White "Wenninger, Ingo"]
[Black "Kuechle, Wolfgang"]
[Result "0-1"]
[WhiteElo "1995"]
[BlackElo "2071"]
[PlyCount "64"]
[EventDate "2011.08.27"]
[EventType "swiss"]
[EventRounds "9"]
[EventCountry "GER"]
[SourceTitle "EXT 2017"]
[Source "ChessBase"]
[SourceDate "2016.10.25"]
[SourceVersion "1"]
[SourceVersionDate "2016.10.25"]
[SourceQuality "1"]

1. Nf3 d5 2. g3 Bg4 3. Ne5 Bf5 4. Bg2 Nf6 5. c4 c6 6. cxd5 cxd5 7. Qa4+ Nbd7 8. d4 e6 9. Nc3 Be7 10. 0-0 h6 11. Bf4 0-0 12. Rac1 Nb6 13. Qb3 g5 14. Bd2 a6 15. a4 Qd6 16. a5 Nbd7 17. Nxd7 Qxd7 18. Na4 Rab8 19. Bb4 Qb5 20. Nc5 b6 21. Nxa6 bxa5 22. Nxb8 Rxb8 23. Qe3 Qxb4 24. Qe5 Ng4 25. Qc7 Bd6 26. Qd7 Nf6 27. Rc8+ Kg7 28. Qd8 Rxc8 29. Qxc8 Qxb2 30. Qa6 Bb4 31. e3 Qc2 32. Ra1 Bd3 0-1

[Event "Wuerttemberg-ch MT"]
[Site "Stuttgart"]
[Date "2010.09.01"]
[Round "5"]
[White "Wenninger, Ingo"]
[Black "Ruprich, Udo"]
[Result "0-1"]
[WhiteElo "2009"]
[BlackElo "1979"]
[PlyCount "136"]
[EventDate "2010.08.28"]
[EventType "swiss"]
[EventRounds "9"]
[EventCountry "GER"]
[SourceTitle "EXT 2017"]
[Source "ChessBase"]
[SourceDate "2016.10.25"]
[SourceVersion "1"]
[SourceVersionDate "2016.10.25"]
[SourceQuality "1"]

1. Nf3 e6 2. g3 d5 3. c4 c6 4. b3 Nf6 5. Bg2 Nbd7 6. Bb2 Bd6 7. d4 0-0 8. Nbd2 Re8 9. 0-0 e5 10. cxd5 cxd5 11. dxe5 Nxe5 12. Nd4 Bd7 13. N2f3 Rc8 14. Rc1 Qa5 15. Rxc8 Rxc8 16. Qa1 Ne4 17. Rd1 h6 18. Rc1 Rxc1+ 19. Bxc1 Ng4 20. Be3 Nxe3 21. fxe3 g5 22. Qb1 Qc3 23. Nc2 Bf5 24. Nfd4 Bg6 25. b4 Nf6 26. Nb5 Qd2 27. Nxd6 Bxc2 28. Qf1 Qxe3+ 29. Kh1 Qe7 30. Nf5 Bxf5 31. Qxf5 Kg7 32. Bxd5 Qxb4 33. Qf3 Nxd5 34. Qxd5 Qe1+ 35. Kg2 Qxe2+ 36. Kg1 Qe3+ 37. Kg2 b6 38. Qc4 a5 39. a4 Qd2+ 40. Kh3 Qb2 41. Qg4 Qf2 42. Qe4 h5 43. Qe5+ Qf6 44. Qb5 Qe6+ 45. Kg2 Kh6 46. Kf2 Qa2+ 47. Kg1 Qa1+ 48. Kg2 Qd4 49. Qf5 Qg7 50. Qf2 Qg6 51. Qd4 Qe6 52. Qh8+ Kg6 53. Qg8+ Kf5 54. Qh7+ Qg6 55. Qh8 Qc6+ 56. Kg1 Qc1+ 57. Kg2 Qd2+ 58. Kg1 Qe1+ 59. Kg2 Qe2+ 60. Kg1 Kg4 61. Qc8+ f5 62. Qc6 Qe1+ 63. Kg2 Qe4+ 64. Qxe4+ fxe4 65. h3+ Kf5 66. Kf2 h4 67. gxh4 gxh4 68. Ke3 Ke5 0-1

[Event "Wuerttemberg-ch MT"]
[Site "Stuttgart"]
[Date "2010.08.29"]
[Round "2"]
[White "Amos, Frank"]
[Black "Wenninger, Ingo"]
[Result "0-1"]
[WhiteElo "2141"]
[BlackElo "2009"]
[PlyCount "72"]
[EventDate "2010.08.28"]
[EventType "swiss"]
[EventRounds "9"]
[EventCountry "GER"]
[SourceTitle "EXT 2017"]
[Source "ChessBase"]
[SourceDate "2016.10.25"]
[SourceVersion "1"]
[SourceVersionDate "2016.10.25"]
[SourceQuality "1"]

1. e4 c5 2. Nf3 g6 3. d4 cxd4 4. Nxd4 Bg7 5. Be3 Nf6 6. f3 Nc6 7. Nc3 0-0 8. Qd2 d5 9. 0-0-0 dxe4 10. Nxc6 Qxd2+ 11. Rxd2 bxc6 12. Nxe4 Nd5 13. Bg5 f6 14. c4 fxg5 15. cxd5 cxd5 16. Rxd5 Be6 17. Ra5 Rfc8+ 18. Kb1 Rab8 19. b3 Bxb3 20. axb3 Rxb3+ 21. Ka2 Rb2+ 22. Ka3 Rc1 23. Bc4+ Rxc4 24. Rxa7 Rcc2 25. Ra8+ Bf8 26. Re1 e5+ 27. Rxf8+ Kxf8 28. Nxg5 Re2 29. Rc1 Rbc2 30. Rd1 Red2 31. Re1 Rxg2 32. Rxe5 Rce2 33. Rd5 h6 34. Nh7+ Kf7 35. Rd7+ Re7 36. Rd3 Kg7 0-1

[Event "Wuerttemberg-ch MT"]
[Site "Lindau"]
[Date "2009.09.06"]
[Round "9"]
[White "Wenninger, Ingo"]
[Black "Pogan, Nikolas"]
[Result "1/2-1/2"]
[WhiteElo "1986"]
[BlackElo "2076"]
[PlyCount "113"]
[EventDate "2009.08.29"]
[EventType "swiss"]
[EventRounds "9"]
[EventCountry "GER"]
[SourceTitle "EXT 2023"]
[Source "ChessBase"]
[SourceDate "2022.10.05"]
[SourceVersion "1"]
[SourceVersionDate "2022.10.05"]
[SourceQuality "1"]

1. Nf3 Nf6 2. g3 g6 3. Bg2 Bg7 4. d4 0-0 5. 0-0 d6 6. b3 e5 7. dxe5 dxe5 8. Bb2 e4 9. Qxd8 Rxd8 10. Nfd2 Bf5 11. e3 Na6 12. h3 h5 13. Rc1 Nc5 14. a4 a5 15. Nc4 Nd5 16. Bxg7 Kxg7 17. Rd1 b6 18. Kf1 Kf6 19. Ke1 Nb4 20. Nba3 Be6 21. Bf1 h4 22. Rxd8 Rxd8 23. Rd1 Rxd1+ 24. Kxd1 hxg3 25. fxg3 Bxc4 26. Bxc4 c6 27. Nb1 Nd5 28. Kd2 Ke5 29. Nc3 f5 30. Ne2 Ne6 31. Nf4 Nexf4 32. gxf4+ Kd6 33. Be2 Kc5 34. c4 Nc7 35. Kc3 Ne6 36. h4 Ng7 37. Bd1 Kd6 38. Kd4 Ne6+ 39. Kc3 Ng7 40. Kd4 Ne6+ 41. Kc3 Nc5 42. h5 gxh5 43. Bxh5 Nd3 44. Bg6 Ke6 45. Be8 c5 46. Bh5 Kf6 47. Kd2 Kg7 48. Be8 Nf2 49. Ke2 Ng4 50. Bd7 Kf6 51. Be8 Nh6 52. Bh5 Ng8 53. Kf2 Kg7 54. Kg3 Nf6 55. Bd1 Kh6 56. Be2 Nd7 57. Kf2 1/2-1/2

[Event "Wuerttemberg-ch MT"]
[Site "Lindau"]
[Date "2009.09.05"]
[Round "8"]
[White "Steudel, Karl"]
[Black "Wenninger, Ingo"]
[Result "1/2-1/2"]
[WhiteElo "2144"]
[BlackElo "1986"]
[PlyCount "138"]
[EventDate "2009.08.29"]
[EventType "swiss"]
[EventRounds "9"]
[EventCountry "GER"]
[SourceTitle "EXT 2023"]
[Source "ChessBase"]
[SourceDate "2022.10.05"]
[SourceVersion "1"]
[SourceVersionDate "2022.10.05"]
[SourceQuality "1"]

1. e4 d5 2. exd5 Qxd5 3. Nf3 Bg4 4. Be2 Nf6 5. 0-0 e6 6. d4 Nbd7 7. c4 Qa5 8. Nc3 c6 9. h3 Bh5 10. Bf4 Be7 11. Qb3 Qb6 12. Rfd1 0-0 13. d5 exd5 14. cxd5 cxd5 15. Nxd5 Nxd5 16. Rxd5 Qxb3 17. axb3 Nf6 18. Rb5 b6 19. g4 Bg6 20. Nd4 Bc5 21. Nf5 Nd5 22. Bd6 Bxd6 23. Nxd6 Nf4 24. Bf1 Bd3 25. Rb4 Bxf1 26. Rxf4 Bd3 27. Rd4 Bg6 28. Nb5 a5 29. Rd6 Rab8 30. Rc1 Rfd8 31. Rxd8+ Rxd8 32. Rc6 Rb8 33. Nd6 Bd3 34. f4 Kf8 35. Kf2 Ke7 36. Rxb6 Rxb6 37. Nc8+ Kd7 38. Nxb6+ Kc6 39. Nc4 Kb5 40. Ne5 Bc2 41. Nxf7 Kb4 42. Nd6 Kxb3 43. Ke3 a4 44. Kd2 Kxb2 45. Nc4+ Kb3 46. Na5+ Kb4 47. Nc6+ Kc5 48. Ne5 Bb3 49. f5 Kd6 50. Nf3 Bd5 51. Nd4 Ke5 52. Ke3 Bg2 53. h4 Bh3 54. Nf3+ Kf6 55. Kf4 Bf1 56. g5+ Ke7 57. Ne1 Bc4 58. Nc2 Bb3 59. Na3 Kd6 60. h5 Ke7 61. Ke5 h6 62. f6+ gxf6+ 63. gxf6+ Kf7 64. Nb5 Bd1 65. Nd6+ Kf8 66. Kd4 Bxh5 67. Nf5 Kf7 68. Nxh6+ Kxf6 69. Ng8+ Kf7 1/2-1/2

[Event "Boeblingen op 12th"]
[Site "Boeblingen"]
[Date "1995.??.??"]
[Round "?"]
[White "Pereira Neto, Wladimir Nequesaurt"]
[Black "Wenninger, Ingo"]
[Result "1-0"]
[WhiteElo "2460"]
[BlackElo "2265"]
[PlyCount "71"]
[EventDate "1995.12.??"]
[EventType "swiss"]
[EventRounds "9"]
[EventCountry "GER"]
[SourceTitle "EXT 2006"]
[Source "ChessBase"]
[SourceDate "2005.11.24"]
[SourceVersion "1"]
[SourceVersionDate "2005.11.24"]
[SourceQuality "1"]

1. e4 g6 2. d4 Bg7 3. Nc3 c6 4. Bc4 d6 5. a4 Nf6 6. Bb3 0-0 7. Nf3 Na6 8. 0-0 d5 9. e5 Ne8 10. h3 Nec7 11. Ne2 c5 12. c3 cxd4 13. Nexd4 Nc5 14. Bc2 b6 15. Bg5 Bb7 16. Qc1 Ne4 17. Bh6 f6 18. Bxg7 Kxg7 19. Qf4 fxe5 20. Qxe5+ Rf6 21. Rad1 Qd6 22. Qxd6 Rxd6 23. Ne5 Rf8 24. f3 Ng5 25. f4 Ne4 26. f5 Ba6 27. Rf3 Rff6 28. g4 e6 29. Re1 Bc8 30. fxg6 hxg6 31. Bxe4 dxe4 32. Rxf6 Kxf6 33. Rxe4 Rd5 34. h4 g5 35. hxg5+ Kxg5 36. Ndf3+ 1-0

[Event "Boeblingen op 12th"]
[Site "Boeblingen"]
[Date "1995.??.??"]
[Round "?"]
[White "Trabert, Bettina"]
[Black "Wenninger, Ingo"]
[Result "0-1"]
[WhiteElo "2210"]
[BlackElo "2265"]
[PlyCount "48"]
[EventDate "1995.12.??"]
[EventType "swiss"]
[EventRounds "9"]
[EventCountry "GER"]
[SourceTitle "EXT 2006"]
[Source "ChessBase"]
[SourceDate "2005.11.24"]
[SourceVersion "1"]
[SourceVersionDate "2005.11.24"]
[SourceQuality "1"]

1. c4 e5 2. Nc3 Nf6 3. Nf3 e4 4. Ng5 b5 5. d3 bxc4 6. Ngxe4 Bb4 7. Bg5 Nxe4 8. Bxd8 Nxc3 9. Qd2 Nd5 10. dxc4 Kxd8 11. cxd5 Bxd2+ 12. Kxd2 a5 13. g3 d6 14. Bg2 Na6 15. Rac1 Rb8 16. b3 Nc5 17. Rc3 Re8 18. f3 Ba6 19. Re1 f5 20. e4 a4 21. bxa4 Rb2+ 22. Rc2 Rxc2+ 23. Kxc2 fxe4 24. fxe4 Bd3+ 0-1